10 najsilniejszych armii na świecie – największe armie - Statystyki

Ogólne statystyki
  • Ten quiz został rozwiązany 60 razy
  • Średni wynik to 6 z 10
Answers on the Grid
Answers color-coded by a green-red scale on the quiz's grid according to % correct below.
Chiny
Indie
Egipt
Korea Południowa
Izrael
Japonia
Iran
Stany Zjednoczone
Wielka Brytania
Australia
Polska
Francja
Tajwan
Rosja
Ukraina
Turcja
Hiszpania
Włochy
Wietnam
Arabia Saudyjska
 
Statystyki odpowiedzi
Odpowiedź % Poprawnych
Chiny
95%
Stany Zjednoczone
78%
Rosja
65%
Indie
62%
Wielka Brytania
54%
Francja
51%
Turcja
49%
Japonia
41%
Korea Południowa
41%
Włochy
27%
Nie znaleziono quizów pasujących do podanych kryteriów
Rozkład punktacji
Procent ludzi z każdym wynikiem
Percentyl według liczby udzielonych odpowiedzi
Twoja historia wyników
Nie rozwiązałeś tego quizu